| 000 | 00000nam##2200000za#4500 |
| 001 | 9.643948 |
| 003 | CaOODSP |
| 005 | 20210624224420 |
| 007 | cr ||||||||||| |
| 008 | 150407|2003||||xxc|||||o f|0| 0 fre|d |
| 040 | |aCaOODSP|bfre |
| 043 | |an-cn--- |
| 086 | 1 |aL31-95/2003F-PDF |
| 110 | 1 |aCanada.|bDéveloppement des ressources humaines Canada.|bProgramme du travail. |
| 245 | 10|aProtégez vos yeux! |h[ressource électronique] |
| 260 | |aOttawa - Ontario : |bDéveloppement des ressources humaines Canada. |cc2004. |
| 300 | |a10p.|bphotographies |
| 500 | |aLe n° de catalogue (L31-95/2003) et l'ISBN (0-662-67590-8) de l'édition imprimée bilingue ont été copiés dans l'édition électronique. |
| 590 | |a14-19-Supp|b2014-11-03 |
| 775 | 08|tProtect your eyes! |w(CaOODSP)9.700035 |
| 794 | |tProtégez vos yeux!|w(CaOODSP)9.876709 |
| 856 | 40|ahttp://publications.gc.ca|qPDF|s297 Ko|uhttps://publications.gc.ca/collections/collection_2014/rhdcc-hrsdc/L31-95-2003-fra.pdf |